| 000 | 00894nam a2200229Ia 4500 | ||
|---|---|---|---|
| 005 | 20220317001236.0 | ||
| 008 | 160825s1998 ck a g 000 0 spa | ||
| 082 | 0 | 4 |
_aR 708.074 _bB31gc |
| 110 | 2 |
_aBiblioteca Luis Ángel Arango. Bogotá _968083 |
|
| 245 | 1 | 3 |
_aLa geometría del caos, paisajes fractales del mundo real _cBiblioteca Luis Angel Arango |
| 250 | _a1a. edición | ||
| 300 |
_a15 páginas _bilustraciones _c21 cm |
||
| 600 | 1 | 4 |
_aHirst, Bill _d1953- _vExposiciones _vCatálogos _968084 |
| 610 | 2 |
_aBiblioteca Luis Ángel Arango (Bogotá) _vExposición _968085 |
|
| 650 | 1 | 4 |
_2LEMB _aFotógrafos ingleses _vExposiciones _vCatálogos |
| 942 |
_2ddc _cREF |
||
| 264 |
_aBogotá _bBiblioteca Luis Ángel Arango _c1998 |
||
| 336 |
_atexto _btxt _2rdacontent |
||
| 337 |
_asin mediación _bn _2rdamedia |
||
| 338 |
_avolumen _bnc _2rdacarrier |
||
| 040 |
_aCO-BoRNBP _bspa _erda _cCO-BoRNBP |
||
| 999 |
_c6358 _d6358 |
||